000 01171cam a2200349 a 4500
001 118784
005 20230410123430.0
008 010222s2001 nyua b 001 0 eng
035 _a12318666
010 _a 2001030370
020 _a0393020444
040 _aDLC
_cDLC
_dDLC
043 _ae-uk---
_ae------
050 1 4 _aKD 379.5
_bG985h 2001
082 0 0 _a940.5318
100 1 _aGuttenplan, D. D.
245 1 4 _aThe Holocaust on trial /
_cD.D. Guttenplan.
250 _a1st American ed.
260 _aNew York :
_bNorton,
_cc2001.
300 _axiv, 328 p. :
_bill. ;
_c22 cm.
504 _aIncludes bibliographical references (p. [309]-317) and index.
600 1 0 _aIrving, David John Cawdell,
_d1938-
_xTrials, litigation, etc.
600 1 0 _aLipstadt, Deborah E.
_xTrials, litigation, etc.
610 2 0 _aPenguin (Firm)
_xTrials, litigation, etc.
650 4 _aHolocausto judĂ­o (1939-1945)
_xHistoriografĂ­a.
650 0 _aTrials (Libel)
_zEngland
_zLondon.
650 0 _aHolocaust denial
_zGreat Britain.
650 0 _aHolocaust, Jewish (1939-1945)
_xHistoriography.
942 _2lcc
_cbk
963 _aClaire Reinertsen, 212-790-4333
946 _aJaaM
999 _c61320
_d61320